000 00966nam a2200277 i 4500
001 bg
100 1 _aApolinarski, Marek.
245 1 0 _aProcesy jednostkowe w technologii wody :
_blaboratorium /
_cMarek Apolinarski, Małgorzata Perchuć, Jacek Wąsowski.
260 _aWarszawa :
_bOficyna Wydawnicza Politechniki Warszawskiej,
_c2008.
300 _a219 s. :
_bil. ;
_c23 cm.
504 _aBibliogr. przy rozdz.
650 9 _aUzdatnianie wody
655 _aPodręczniki akademickie
700 1 _aPerchuć, Małgorzata.
700 1 _aWąsowski, Jacek.
015 _aPB 21503/2008
020 _a9788372077561
040 _cBPK
041 _apol
044 _aPOL
080 _a628.16(075.8)
920 _a978-83-7207-756-1
942 _cKS
008 080730s2008 pl a |000 0 pol
999 _c55804
_d55804
856 _uhttp://koha.tu.koszalin.pl/cgi-bin/koha/opac-detail.pl?biblionumber=55804
_yKatalog online BPK